| 000 | 01190nam a22003014a 4500 | ||
|---|---|---|---|
| 001 | ebr10044880 | ||
| 003 | CaPaEBR | ||
| 006 | m u | ||
| 007 | cr cn||||||||| | ||
| 008 | 011207s2002 enk sb 001 0 eng | ||
| 010 | _z 2001056370 | ||
| 020 | _z0333985885 (cloth) | ||
| 040 |
_aCaPaEBR _cCaPaEBR |
||
| 035 | _a(OCoLC)54092951 | ||
| 050 | 1 | 4 |
_aJN329.P7 _bJ64 2002eb |
| 082 | 0 | 4 |
_a324/.4/0941 _221 |
| 100 | 1 | _aJohn, Steve. | |
| 245 | 1 | 4 |
_aThe persuaders _h[electronic resource] : _bwhen lobbyists matter / _cSteve John. |
| 260 |
_aHoundmills, Basingstoke, Hampshire ; _aNew York : _bPalgrave Macmillan, _c2002. |
||
| 300 | _axiii, 277 p. | ||
| 504 | _aIncludes bibliographical references (p. 236-270) and index. | ||
| 533 |
_aElectronic reproduction. _bPalo Alto, Calif. : _cebrary, _d2013. _nAvailable via World Wide Web. _nAccess may be limited to ebrary affiliated libraries. |
||
| 650 | 0 |
_aLobbying _zGreat Britain. |
|
| 650 | 0 |
_aPressure groups _zGreat Britain. |
|
| 655 | 7 |
_aElectronic books. _2local |
|
| 710 | 2 | _aebrary, Inc. | |
| 856 | 4 | 0 |
_uhttp://site.ebrary.com/lib/rucke/Doc?id=10044880 _zAn electronic book accessible through the World Wide Web; click to view |
| 999 |
_c75267 _d75267 |
||